00214 a2200109 4500001000700000020000600007040001100013100002200024240002700046245002200073362000900095168916 a  cMagnum aRodrigues, Aroldo10aPsicologia sociallpor10aPsicologia social0 a1899